Fisiología de los animales domésticos / (Record no. 58547)

MARC details
000 -LEADER
campo de control de longitud fija 00925nam a2200277 i 4500
001 - NÚMERO DE CONTROL
campo de control 58547
003 - IDENTIFICADOR DE NÚMERO DE CONTROL
campo de control ES-MaACL
005 - FECHA Y HORA DE LA ÚLTIMA TRANSACCIÓN
campo de control 20250822175826.0
007 - CAMPO FIJO DE DESCRIPCIÓN FÍSICA--INFORMACIÓN GENERAL
campo de control de longitud fija t|
008 - DATOS DE LONGITUD FIJA--INFORMACIÓN GENERAL
campo de control de longitud fija 031022s1978 sp ||||1| spa d
020 ## - NÚMERO INTERNACIONAL ESTÁNDAR DEL LIBRO
Número Internacional Estándar del Libro 84-03-20987-8
080 ## - NÚMERO DE LA CLASIFICACIÓN DECIMAL UNIVERSAL
Número de la Clasificación Decimal Universal 591.1
100 1# - ENTRADA PRINCIPAL--NOMBRE DE PERSONA
Nombre de persona Dukes, H. H.
9 (RLIN) 45958
245 10 - MENCIÓN DEL TÍTULO
Título Fisiología de los animales domésticos /
Mención de responsabilidad, etc. H.H. Dukes y M.J. Swenson ; traducción de Francisco J. Castejón Calderón.
250 ## - MENCION DE EDICION
Mención de edición 4ª ed.
260 ## - PUBLICACIÓN, DISTRIBUCIÓN, ETC.
Lugar de publicación, distribución, etc. [Madrid] :
Nombre del editor, distribuidor, etc. Aguilar,
Fecha de publicación, distribución, etc. 1978.
300 ## - DESCRIPCIÓN FÍSICA
Extensión 1 v. (XI, 1059-1864 p.) :
Otras características físicas il. ;
Dimensiones 24 cm.
490 1# - MENCIÓN DE SERIE
Mención de serie Ciencia y técnica
505 8# - NOTA DE CONTENIDO CON FORMATO
Nota de contenido con formato Contiene: 2. Funciones de integración y reproducción
650 #7 - PUNTO DE ACCESO ADICIONAL DE MATERIA--TÉRMINO DE MATERIA
Término de materia o nombre geográfico como elemento de entrada Fisiología veterinaria
Fuente del encabezamiento o término embne
9 (RLIN) 12892
700 1# - ENTRADA AGREGADA--NOMBRE PERSONAL
Nombre de persona Swenson, Melvin J.
9 (RLIN) 175011
700 1# - ENTRADA AGREGADA--NOMBRE PERSONAL
Nombre de persona Castejón, Francisco J.,
Fechas asociadas al nombre 1923-2008
9 (RLIN) 36463
830 10 - PUNTO DE ACCESO ADICIONAL DE SERIE-TÍTULO UNIFORME
Título uniforme Ciencia y técnica
9 (RLIN) 177702
852 4# - LOCALIZACIÓN
Ubicación ES-MaACL
Número de control de estantería A-9709
Holdings
Estatus retirado Estado de pérdida Estado de daño No para préstamo Biblioteca de origen Biblioteca actual Ubicación en estantería Fecha de adquisición Fuente de adquisición Total de préstamos Signatura topográfica completa Código de barras Visto por última vez Precio de reemplazo Tipo de ítem Koha
        Biblioteca del Ateneo de Madrid Biblioteca del Ateneo de Madrid Depósito 1 17/01/2008     A-9709 1061428 23/02/2023 23/02/2023 Libro impreso